|
|
|
|
| LEADER |
01622nam a2200409 i 4500 |
| 001 |
EBC5266052 |
| 003 |
MiAaPQ |
| 005 |
20200520144314.0 |
| 006 |
m o d | |
| 007 |
cr cnu|||||||| |
| 008 |
180305t20182000enka o 001 0 eng d |
| 020 |
|
|
|z 9781138706361
|
| 020 |
|
|
|a 9781351783248 (e-book)
|
| 035 |
|
|
|a (MiAaPQ)EBC5266052
|
| 035 |
|
|
|a (Au-PeEL)EBL5266052
|
| 035 |
|
|
|a (CaPaEBR)ebr11510711
|
| 035 |
|
|
|a (OCoLC)1023548774
|
| 040 |
|
|
|a MiAaPQ
|b eng
|e rda
|e pn
|c MiAaPQ
|d MiAaPQ
|
| 043 |
|
|
|a a-ii---
|
| 050 |
|
4 |
|a HC435.2
|b .I526 2018
|
| 082 |
0 |
|
|a 338.954
|2 21
|
| 245 |
0 |
0 |
|a India's development and public policy /
|c edited by Stuart S. Nagel.
|
| 264 |
|
1 |
|a London, [England] ;
|a New York, [New York] :
|b Routledge,
|c 2018.
|
| 264 |
|
4 |
|c 2000
|
| 300 |
|
|
|a 1 online resource (171 pages) :
|b illustrations
|
| 336 |
|
|
|a text
|2 rdacontent
|
| 337 |
|
|
|a computer
|2 rdamedia
|
| 338 |
|
|
|a online resource
|2 rdacarrier
|
| 500 |
|
|
|a Includes index.
|
| 588 |
|
|
|a Description based on print version record.
|
| 590 |
|
|
|a Electronic reproduction. Ann Arbor, MI : ProQuest, 2018. Available via World Wide Web. Access may be limited to ProQuest affiliated libraries.
|
| 651 |
|
0 |
|a India
|x Economic policy
|y 1947-
|
| 655 |
|
4 |
|a Electronic books.
|
| 700 |
1 |
|
|a Nagel, Stuart S.,
|e editor.
|
| 776 |
0 |
8 |
|i Print version:
|t India's development and public policy.
|d London, [England] ; New York, [New York] : Routledge, 2018, c2000
|h approximately 171 pages
|z 9781138706361
|w 97037211
|
| 797 |
2 |
|
|a ProQuest (Firm)
|
| 856 |
4 |
0 |
|u https://ebookcentral.proquest.com/lib/matrademy/detail.action?docID=5266052
|z Click to View
|